|
|
|
|
| LEADER |
02415nam a22004575i 4500 |
| 001 |
978-3-642-10898-3 |
| 003 |
DE-He213 |
| 005 |
20150519193446.0 |
| 007 |
cr nn 008mamaa |
| 008 |
110721s2011 gw | s |||| 0|ita d |
| 020 |
|
|
|a 9783642108983
|9 978-3-642-10898-3
|
| 024 |
7 |
|
|a 10.1007/978-3-642-10898-3
|2 doi
|
| 040 |
|
|
|d GrThAP
|
| 050 |
|
4 |
|a QA611-614.97
|
| 072 |
|
7 |
|a PBP
|2 bicssc
|
| 072 |
|
7 |
|a MAT038000
|2 bisacsh
|
| 082 |
0 |
4 |
|a 514
|2 23
|
| 245 |
1 |
0 |
|a Topologia
|h [electronic resource] /
|c edited by G. Scorza Dragoni.
|
| 264 |
|
1 |
|a Berlin, Heidelberg :
|b Springer Berlin Heidelberg,
|c 2011.
|
| 300 |
|
|
|a 101pagg.
|b online resource.
|
| 336 |
|
|
|a text
|b txt
|2 rdacontent
|
| 337 |
|
|
|a computer
|b c
|2 rdamedia
|
| 338 |
|
|
|a online resource
|b cr
|2 rdacarrier
|
| 347 |
|
|
|a text file
|b PDF
|2 rda
|
| 490 |
1 |
|
|a C.I.M.E. Summer Schools ;
|v 6
|
| 505 |
0 |
|
|a Lectures: K. Kuratowski: Théorie de la dimension -- G. Scorza Dragoni: Traslazioni piane generalizzate -- E. Sperner: 1. Generalizzazioni del teorema di Brouwer sul punto unito. 2. Il problema dei colori sulle superificie chiuse -- Seminars: G. Darbo: Grado topologico e punti uniti in trasformazioni plurivalenti -- M. Dolcher: Alcuni risultati della geometria delle trasformazioni continue -- M. Vaccaro: Sulle rappresentazioni localmente biunivoche delle varietà topologiche sopra i poliedri.
|
| 520 |
|
|
|a Lectures: K. Kuratowski: Théorie de la dimension.- G. Scorza Dragoni: Traslazioni piane generalizzate.- E. Sperner: 1. Generalizzazioni del teorema di Brouwer sul punto unito. 2. Il problema dei colori sulle superificie chiuse.- Seminars: G. Darbo: Grado topologico e punti uniti in trasformazioni plurivalenti.- M. Dolcher: Alcuni risultati della geometria delle trasformazioni continue.- M. Vaccaro: Sulle rappresentazioni localmente biunivoche delle varietà topologiche sopra i poliedri.
|
| 650 |
|
0 |
|a Mathematics.
|
| 650 |
|
0 |
|a Topology.
|
| 650 |
|
0 |
|a Algebraic topology.
|
| 650 |
1 |
4 |
|a Mathematics.
|
| 650 |
2 |
4 |
|a Topology.
|
| 650 |
2 |
4 |
|a Algebraic Topology.
|
| 700 |
1 |
|
|a Dragoni, G. Scorza.
|e editor.
|
| 710 |
2 |
|
|a SpringerLink (Online service)
|
| 773 |
0 |
|
|t Springer eBooks
|
| 776 |
0 |
8 |
|i Printed edition:
|z 9783642108976
|
| 830 |
|
0 |
|a C.I.M.E. Summer Schools ;
|v 6
|
| 856 |
4 |
0 |
|u http://dx.doi.org/10.1007/978-3-642-10898-3
|z Full Text via HEAL-Link
|
| 912 |
|
|
|a ZDB-2-SMA
|
| 950 |
|
|
|a Mathematics and Statistics (Springer-11649)
|